[Event "Gibraltar Masters 2019"]
[Site "Caleta ENG"]
[Date "2019.01.27"]
[Round "6.105"]
[White "Avila Fraire,Ameyalli"]
[Black "Kandic,Mila"]
[Result "1-0"]
[WhiteElo "1994"]
[BlackElo "2136"]

1.e4 e5 2.Nf3 d6 3.d4 Nd7 4.Nc3 Ngf6 5.Bc4 Be7 6.O-O O-O 7.Re1 c6 8.a4 a5
9.h3 Qc7 10.Be3 Nxe4 11.Nxe4 d5 12.Bxd5 cxd5 13.Nc3 Qc6 14.dxe5 Bb4 15.Nxd5 Qc4
16.c3 Bc5 17.b3 Qa6 18.Nc7 Qa7 19.Nxa8 Qxa8 20.Bxc5 Nxc5 21.Qd5 Ne6 22.Rad1 Nf4
23.Qe4 Ne6 24.Rd6 Qa7 25.Qe3 Qb8 26.Qb6 h6 27.Red1 Kh7 28.Qxa5 Re8 29.Qb5 Re7
30.Qd3+ g6 31.Qe3 Ng7 32.Qb6 Bf5 33.Rd8 Qc7 34.Qxc7 Rxc7 35.c4 Re7 36.Nd4 Be4
37.f3 Bc6 38.Nxc6  1-0

[Event "Gibraltar Masters 2019"]
[Site "Caleta ENG"]
[Date "2019.01.27"]
[Round "6.102"]
[White "Hamer,M"]
[Black "Gonzalez Gonzalez,A"]
[Result "1/2-1/2"]
[WhiteElo "2046"]
[BlackElo "2160"]

1.d4 Nf6 2.c4 e6 3.Nf3 b6 4.g3 Ba6 5.Qc2 Bb7 6.Bg2 Bb4+ 7.Nbd2 c5 8.a3 Be4
9.Qd1 Bxd2+ 10.Qxd2 Nc6 11.dxc5 bxc5 12.O-O d5 13.cxd5 exd5 14.b4 c4 15.Bb2 O-O
16.b5 Nb8 17.Nd4 Nbd7 18.Nc6 Qe8 19.Bh3 Bg6 20.Bd4 Ne4 21.Qb4 Ng5 22.Bg4 h5
23.Bf3 Be4 24.Ne7+ Kh7 25.Bxe4+ dxe4 26.h4 Ne6 27.Be3 f5 28.Nd5 Ne5 29.Nf4 Nxf4
30.Bxf4 Ng6 31.Bd6 Rf6 32.e3 Rd8 33.Bf4 Nxf4 34.exf4 Rd4 35.Qc5 Rd3 36.Rfe1 Qg6
37.Re3 c3 38.Rxd3 exd3 39.Qxc3 a6 40.a4 axb5 41.axb5 Rd6 42.Rd1 Qe8 43.Qc5 Qe6
44.Qe5 Qd7 45.Qc5 Rd5 46.Qc6 Qf7 47.b6 Rd7 48.b7 Rxb7 49.Rxd3 Rb1+ 50.Kg2 Qb7  1/2-1/2

[Event "Gibraltar Masters 2019"]
[Site "Caleta ENG"]
[Date "2019.01.27"]
[Round "6.58"]
[White "Kulon,K"]
[Black "Prithu,Gupta"]
[Result "0-1"]
[WhiteElo "2347"]
[BlackElo "2462"]

1.e4 d6 2.d4 Nf6 3.Nc3 g6 4.Be3 c6 5.f3 b5 6.Qd2 h6 7.Bd3 Nbd7 8.d5 cxd5
9.Bxb5 dxe4 10.fxe4 Bg7 11.e5 dxe5 12.O-O-O Qa5 13.Nf3 Rb8 14.Nxe5 Rxb5 15.Nc6 Ne4
16.Nxa5 Bxc3 17.bxc3 Nxd2 18.Nc6 Nc4 19.Bxa7 Bb7 20.Nb4 Ra5 21.Bf2 Nde5 22.Rhe1 O-O  0-1

[Event "Gibraltar Masters 2019"]
[Site "Caleta ENG"]
[Date "2019.01.27"]
[Round "6.59"]
[White "Batsiashvili,N"]
[Black "Karim,I"]
[Result "1-0"]
[WhiteElo "2459"]
[BlackElo "2347"]

1.d4 Nf6 2.c4 e6 3.g3 c5 4.Nf3 cxd4 5.Nxd4 Bb4+ 6.Bd2 Bc5 7.Nb3 Be7 8.Bg2 Nc6
9.O-O b6 10.Nc3 Ba6 11.Nb5 Rc8 12.a4 d5 13.Rc1 O-O 14.Bg5 Bb7 15.Bxf6 Bxf6
16.cxd5 exd5 17.Qxd5 Bxb2 18.Rb1 Qf6 19.Nxa7 Na5 20.Qb5 Bxg2 21.Kxg2 Rc2
22.Nxa5 bxa5 23.Qd3 Qg6 24.e4 Rc3 25.Qe2 Ba3 26.Nb5 Bb4 27.Nxc3 Bxc3 28.Rb5 Re8
29.Qc4 Bb4 30.Rd1 h6 31.Rf5 Kh7 32.Rd7 f6 33.h4 Rf8 34.Qe6 Re8 35.Qc6 Rf8
36.Qb7 Be1 37.Rd1 Bb4 38.h5 Qe8 39.Rd7 Rg8 40.Rxf6  1-0

[Event "Gibraltar Masters 2019"]
[Site "Caleta ENG"]
[Date "2019.01.27"]
[Round "6.60"]
[White "Barski,R"]
[Black "Sidhant,M"]
[Result "1-0"]
[WhiteElo "2458"]
[BlackElo "2344"]

1.e4 c5 2.Nf3 d6 3.d4 cxd4 4.Nxd4 Nf6 5.Nc3 a6 6.h3 g6 7.Be3 Bg7 8.g4 Nc6
9.Qd2 O-O 10.O-O-O Bd7 11.Be2 Rc8 12.g5 Ne8 13.Kb1 Nc7 14.Nb3 b5 15.f4 a5
16.e5 b4 17.Na4 Nxe5 18.Nb6 Nc6 19.Nxc8 Qxc8 20.Bf3 Nb5 21.Qd3 a4 22.Nc5 dxc5
23.Qxd7 Ncd4 24.Qxc8 Rxc8 25.Bb7 Rb8 26.Ba6 Nc3+ 27.bxc3 bxc3+ 28.Kc1 Rb2
29.Bxd4 cxd4 30.Rde1 Rxa2 31.Kd1 e6 32.Bd3 Rb2 33.Ke2 a3 34.Rb1 Bf8 35.Rxb2 cxb2
36.Bc4 h6 37.h4 Kg7 38.Kd3 Bd6 39.Ke4 f5+ 40.gxf6+ Kxf6 41.Ba2 Bc5 42.Rh3 g5
43.hxg5+ hxg5 44.Rh6+  1-0

[Event "Gibraltar Masters 2019"]
[Site "Caleta ENG"]
[Date "2019.01.27"]
[Round "6.104"]
[White "Hewson,Brian W R"]
[Black "Baert,A"]
[Result "0-1"]
[WhiteElo "2006"]
[BlackElo "2147"]

1.d4 e6 2.Nd2 c5 3.e3 Nf6 4.Ngf3 b6 5.Bd3 Be7 6.O-O O-O 7.c3 Ba6 8.Qe2 Bxd3
9.Qxd3 d5 10.e4 dxe4 11.Nxe4 cxd4 12.Nxd4 Nc6 13.Rd1 Nxd4 14.cxd4 Qd5 15.Nc3 Qh5
16.Bf4 Rfd8 17.Qg3 Nd5 18.Nxd5 Rxd5 19.Be5 Qg6 20.Rac1 Rad8 21.Qxg6 hxg6
22.Kf1 Bg5 23.f4 Bh6 24.g3 g5 25.fxg5 Bxg5 26.Rc7 Rxe5 27.Rxa7 Rb5 28.b3 Bf6
29.Kg2 Ra5  0-1

[Event "Gibraltar Masters 2019"]
[Site "Caleta ENG"]
[Date "2019.01.27"]
[Round "6.106"]
[White "Adewole,Adeyinka"]
[Black "Verneuil,P"]
[Result "1-0"]
[WhiteElo "1972"]
[BlackElo "2114"]

1.c4 e5 2.g3 Nf6 3.Nc3 c6 4.d3 Bb4 5.Bg2 d5 6.cxd5 cxd5 7.Qb3 Nc6 8.Bd2 Nd4
9.Qd1 O-O 10.a3 Be7 11.e3 Nc6 12.Nge2 d4 13.Ne4 Nd5 14.exd4 exd4 15.f4 f5
16.Qb3 Be6 17.Qxb7 Rc8 18.Nf2 Qd6 19.Rc1 Rc7 20.Qa6 Rb8 21.b4 Rb6 22.Qa4 Ne3
23.Bxc6 Rbxc6 24.Rxc6 Rxc6 25.Nxd4 Ng2+ 26.Kf1 Bd5 27.Nxc6 Bxc6 28.b5 Bf3
29.Qc4+ Bd5 30.Qc8+ Kf7 31.Rg1 Qf6 32.Rxg2 Be6 33.Qc7 Qa1+ 34.Qc1 Qa2 35.Bb4 Bd8
36.Ne4 Qb3 37.Nc5 Qd5 38.Nxe6 Qf3+ 39.Ke1 Bf6 40.Qc7+ Kg6 41.Nf8+ Kh6 42.Qc2 Qe3+
43.Kd1 Qf3+ 44.Qe2 Qd5 45.g4 fxg4 46.Qe4 Qb3+ 47.Ke2 g6 48.Ne6 Qb2+ 49.Bd2 Bc3
50.Qe3  1-0

[Event "Gibraltar Masters 2019"]
[Site "Caleta ENG"]
[Date "2019.01.27"]
[Round "6.63"]
[White "Sadhwani,Raunak"]
[Black "Bellon Lopez,JuM"]
[Result "1-0"]
[WhiteElo "2451"]
[BlackElo "2332"]

1.e4 c5 2.Nf3 Nc6 3.d4 cxd4 4.Nxd4 Nf6 5.Nc3 e5 6.Ndb5 h6 7.Be3 d6 8.Nd5 Nxd5
9.exd5 Nb8 10.c4 b6 11.Bd3 Be7 12.O-O a6 13.Nc3 Bg5 14.Qa4+ Kf8 15.Qb4 Bxe3
16.fxe3 a5 17.Qa3 Ke7 18.Nb5 Rf8 19.b4 Na6 20.c5 bxc5 21.bxc5 Nxc5 22.Rfc1 Qb6
23.Rab1 Nxd3 24.Nd4 Nb4 25.Nc6+ Kf6 26.Nxb4 Bf5 27.Nc2 Qc5 28.Qxc5 dxc5 29.Rb6+ Kg5
30.Ne1 Be4 31.Rxc5 Rfc8 32.Rcb5 Rc1 33.Kf2 Rd1 34.Nf3+ Kf5 35.d6 Bxf3 36.Kxf3 f6
37.g4+ Ke6 38.d7+ Ke7 39.Rb7 Rxd7 40.Rxd7+ Kxd7 41.Rb7+ Ke6 42.Rxg7 Rb8 43.Rh7 Rb2
44.Rxh6 Ke7 45.a3 Ra2 46.Ke4 Rxa3 47.h4 Ra1 48.g5 Rf1 49.g6 Ke6 50.h5 f5+
51.Kd3 Kf6 52.Rh8 Rd1+ 53.Kc2 Rd7 54.Rf8+ Kg5 55.Rf7 Rd8 56.Rh7 Rc8+ 57.Kd2 Rd8+
58.Ke2 a4 59.g7 Rg8 60.h6 Kg6 61.Rh8 Kf7 62.h7 Rxg7 63.Rf8+ Kxf8 64.h8=Q+ Kf7
65.Qc8 Kf6 66.Qc6+ Kg5 67.Qxa4 e4 68.Kf2 Kf6 69.Qd4+ Kf7 70.Qe5 Rg5 71.Ke2 Rg2+
72.Ke1 Rg1+ 73.Kd2 Rg2+ 74.Kc3 Rf2 75.Qd6 Rf1 76.Qh6 Ke7 77.Kd4 Kd7 78.Kd5 Kc7
79.Qc6+  1-0

[Event "Gibraltar Masters 2019"]
[Site "Caleta ENG"]
[Date "2019.01.27"]
[Round "6.64"]
[White "Cornette,Deimante"]
[Black "Osmanodja,F"]
[Result "1-0"]
[WhiteElo "2448"]
[BlackElo "2318"]

1.e4 e5 2.Nf3 Nc6 3.Nc3 Nf6 4.Bb5 Bd6 5.a3 O-O 6.d3 Ne7 7.d4 Ng6 8.O-O Re8
9.Re1 h6 10.Bc4 b6 11.Nb5 Bb7 12.Nxd6 cxd6 13.d5 Qc8 14.Qd3 a6 15.a4 Qc7
16.Bb3 Reb8 17.g3 a5 18.c4 Qd8 19.Bc2 Ne8 20.Be3 Bc8 21.Nd2 Nc7 22.Qe2 Na6
23.Qg4 Nc5 24.h4 Qf6 25.Rf1 Ba6 26.b3 Nf8 27.Rad1 Qg6 28.Qh3 f6 29.Kh2 Kf7
30.f4 Ke7 31.Nf3 Kd8 32.h5 Qe8 33.Qg4 g5 34.hxg6 Qxg6 35.Qxg6 Nxg6 36.f5 Ne7
37.Bxh6 Ke8 38.Kg2 Kf7 39.Rh1 Rh8 40.Be3 Kg7 41.g4 Rxh1 42.Rxh1 Rh8 43.Rxh8 Kxh8
44.Bh6 Kg8 45.g5 Kf7 46.g6+ Nxg6 47.fxg6+ Kxg6 48.Be3  1-0

[Event "Gibraltar Masters 2019"]
[Site "Caleta ENG"]
[Date "2019.01.27"]
[Round "6.103"]
[White "Dasaolu,R"]
[Black "Hosek,Ma"]
[Result "0-1"]
[WhiteElo "2038"]
[BlackElo "2153"]

1.d4 Nf6 2.Nf3 g6 3.Bg5 Bg7 4.Nbd2 d5 5.e3 O-O 6.c4 b6 7.Qc2 Bb7 8.Rc1 Nbd7
9.c5 c6 10.b4 a5 11.a3 Re8 12.Be2 e5 13.dxe5 Nxe5 14.O-O Nxf3+ 15.Nxf3 b5
16.Rfd1 Qe7 17.Bd3 axb4 18.axb4 Ra4 19.Rb1 Bc8 20.h3 Qa7 21.Nd4 Bd7 22.Rb2 Ne4
23.Bf4 f5 24.f3 Nf6 25.g4 fxg4 26.hxg4 Ra8 27.Rd2 Ra1+ 28.Kg2 Ne8 29.Rb1 Ra2
30.Rb2 Rxb2 31.Qxb2 Nc7 32.Qb1 Ne6 33.Nxe6 Bxe6 34.Kg3 Qa1 35.Bxg6 hxg6 36.Qxg6 Qe1+
37.Rf2 Bf7 38.Qc2 d4 39.Qd2 Qxd2 40.Rxd2 dxe3 41.Bxe3 Bc3 42.Rd7 Bxb4 43.Bd4 Bd5
44.f4 Be1+ 45.Kh2 b4 46.f5 Bc3  0-1

[Event "Gibraltar Masters 2019"]
[Site "Caleta ENG"]
[Date "2019.01.28"]
[Round "7.110"]
[White "Kandic,Mila"]
[Black "Herzwurm,R"]
[Result "1-0"]
[WhiteElo "2136"]
[BlackElo "2021"]

1.d4 Nf6 2.Nf3 g6 3.Bg5 Bg7 4.Nbd2 d5 5.e3 O-O 6.Bd3 c5 7.c3 b6 8.Qe2 Nbd7
9.O-O-O b5 10.Bxf6 Bxf6 11.g4 b4 12.cxb4 c4 13.Bc2 Qb6 14.Nb1 Qxb4 15.Qd2 Qb7
16.Qc3 Rb8 17.Ne5 Qc7 18.f4 Ba6 19.h4 Rb6 20.g5 Bg7 21.h5 Rfb8 22.Rd2 Nxe5
23.fxe5 Rxb2 24.Bxg6 Rxd2 25.Bxh7+ Kf8 26.Nxd2 Qc6 27.Rf1 Ke8 28.Bg8 f6 29.exf6 exf6
30.gxf6 Bxf6 31.Bxd5 Qxd5 32.Rxf6 Rb6 33.e4 Qb5 34.Rf5 Qa4 35.Re5+ Kd8 36.Rd5+ Kc7
37.Qg3+ Kb7 38.Qg7+ Ka8 39.Rd8+ Rb8 40.Qf8 Rxd8 41.Qxd8+ Kb7 42.Qd5+ Kb8
43.Qd6+ Kb7 44.Kb2 c3+ 45.Kxc3 Qxa2 46.Nb3 Kc8 47.Qe6+ Kb8 48.Qe8+ Kc7 49.Qe7+ Kc8
50.Qxa7 Qe2 51.Qc5+ Kd8 52.e5 Qe1+ 53.Kb2 Qe2+ 54.Ka3 Bc4 55.Kb4 Bxb3 56.Kxb3 Qd1+
57.Kc4 Qc2+ 58.Kb5 Qb3+ 59.Ka6 Qd3+ 60.Ka7 Qe4 61.Qd6+ Ke8 62.Qb8+  1-0

[Event "Gibraltar Masters 2019"]
[Site "Caleta ENG"]
[Date "2019.01.28"]
[Round "7.50"]
[White "Hedman,E"]
[Black "Sosa,T ARG"]
[Result "0-1"]
[WhiteElo "2378"]
[BlackElo "2499"]

1.d4 b6 2.e4 Bb7 3.Bd3 e6 4.c4 Bb4+ 5.Kf1 Be7 6.Nc3 d6 7.Nf3 Nf6 8.Be3 c5
9.d5 exd5 10.exd5 Na6 11.h3 Nc7 12.a4 a6 13.b3 b5 14.a5 Rb8 15.Qc2 O-O 16.Re1 Nce8
17.Bd2 g6 18.Ne2 Ng7 19.g4 bxc4 20.bxc4 Nxd5 21.cxd5 Bxd5 22.Kg2 Ne6 23.h4 Bf6
24.Be4 Bb3 25.Qc1 d5 26.Bb1 Ba4 27.Bg5 Rb4 28.Bxf6 Qxf6 29.g5 Qd8 30.Qe3 Bc6
31.Qe5 Re8 32.Qf6 Qxf6 33.gxf6 d4 34.Bd3 c4 35.Nxd4 Bxf3+ 36.Nxf3 cxd3 37.Kg3 Rf4
38.Ne5 Rxf6 39.Nxd3 Rd8  0-1

[Event "Gibraltar Masters 2019"]
[Site "Caleta ENG"]
[Date "2019.01.28"]
[Round "7.113"]
[White "Giulian,R"]
[Black "Munoz,Ra"]
[Result "1/2-1/2"]
[WhiteElo "1908"]
[BlackElo "2040"]

1.e4 c5 2.c3 d6 3.d4 Nd7 4.Be3 Ngf6 5.Nd2 e6 6.Ngf3 Be7 7.Bd3 O-O 8.O-O b6
9.Re1 Bb7 10.h3 Rc8 11.Qe2 Re8 12.e5 Nd5 13.Ne4 dxe5 14.dxe5 Qc7 15.Bb5 Red8
16.Bxd7 Rxd7 17.Bd2 h6 18.a3 c4 19.Ng3 b5 20.Nd4 a6 21.Qg4 Kh8 22.Ne4 Nb6
23.Qh5 Bf8 24.g4 Bxe4 25.Rxe4 Kg8 26.Qh4 Qd8 27.Qg3 Na4 28.g5 Nc5 29.Rh4 g6
30.gxh6 Be7 31.Rg4 Kh7 32.Be3 Qc7 33.h4 Rg8 34.h5 Rdd8 35.hxg6+ Rxg6 36.Rxg6 fxg6
37.Kh2 Rf8 38.Rg1 g5 39.f4 Kxh6 40.Rg2 Kg6 41.Kg1 Qb7 42.Qh3 Qe4 43.Nxe6 Rh8
44.f5+ Kf7 45.Qxh8 Qxe3+ 46.Kh2 Nxe6 47.fxe6+ Kxe6 48.Qh3+ Qxh3+ 49.Kxh3 Kxe5
50.Re2+ Kd6 51.Kg4 Kd7 52.Kf5 Bd6 53.Kxg5 Kc6 54.Kf5 Kd5 55.Rd2+ Kc5 56.Ke4 Bf8
57.Rf2 Be7 58.Re2 Bg5 59.Rg2 Bc1 60.Kf3 Kc6 61.Rc2 Bg5 62.Ke2 a5 63.Kd1 a4
64.Rg2 Bf4  1/2-1/2

[Event "Gibraltar Masters 2019"]
[Site "Caleta ENG"]
[Date "2019.01.28"]
[Round "7.53"]
[White "Shvayger,Y"]
[Black "Zanan,E"]
[Result "1/2-1/2"]
[WhiteElo "2387"]
[BlackElo "2528"]

1.e4 c5 2.Nf3 d6 3.d4 cxd4 4.Nxd4 Nf6 5.Nc3 a6 6.Bg5 Nbd7 7.Qe2 h6 8.Bh4 g6
9.O-O-O e5 10.Nb3 Be7 11.Kb1 b5 12.a3 Bb7 13.f3 Rc8 14.Qd2 Kf8 15.g4 Kg7
16.g5 hxg5 17.Bxg5 Qc7 18.h4 Nb6 19.Bxf6+ Bxf6 20.Qxd6 Rxh4 21.Rxh4 Bxh4
22.Na5 Ba8 23.Qxc7 Rxc7 24.Rd6 Bf2 25.Na2 Rd7 26.Rxd7 Nxd7 27.c4 Bb6 28.Nb3 f5
29.Nc3 bxc4 30.Bxc4 Nf6 31.Nd2 fxe4 32.Ndxe4 Bxe4+ 33.Nxe4 Nxe4 34.fxe4 a5
35.Kc2 Kf6  1/2-1/2

[Event "Gibraltar Masters 2019"]
[Site "Caleta ENG"]
[Date "2019.01.28"]
[Round "7.54"]
[White "Sprenger,J"]
[Black "Zhukova,N"]
[Result "1-0"]
[WhiteElo "2498"]
[BlackElo "2377"]

1.e4 e6 2.d4 d5 3.Nc3 Bb4 4.e5 c5 5.a3 Ba5 6.b4 cxd4 7.Qg4 Kf8 8.Nb5 Bb6
9.Nf3 Nc6 10.Bb2 Nge7 11.Nbxd4 h5 12.Qh4 Nxd4 13.Bxd4 Nc6 14.Qxd8+ Bxd8 15.Bb2 f6
16.exf6 Bxf6 17.O-O-O a6 18.c4 dxc4 19.Bxc4 Kf7 20.Rhe1 Rd8 21.Rxd8 Bxd8
22.Nd2 Bd7 23.Ne4 Be7 24.Rd1 Rd8 25.Rd3 Bc8 26.Rh3 h4 27.Rf3+ Kg8 28.Re3 b5
29.Ba2 a5 30.bxa5 Nxa5 31.Rc3 Nc4 32.Bxc4 bxc4 33.Rxc4 Ba6 34.Rc7 Bf8 35.Ng5 Rd6
36.Nf3 Bb5 37.Nxh4 Ba4 38.Kb1 Bb3 39.Ng6 Rd1+ 40.Rc1 Bc5 41.Rxd1 Bxd1 42.f3 Kh7
43.Nf4 Bb3 44.h3 Bc4 45.Kc2 g5 46.Nd3 Bd6 47.a4 Kg6 48.Kd2 Kh5 49.Ke3 Kh4
50.Be5 Be7 51.Bc7 e5 52.Bxe5 Bd8 53.Kd4 Ba6 54.Bd6 Bb6+ 55.Kc3 Ba5+ 56.Kd4 Bb6+
57.Kc3 Ba5+ 58.Kc2 Bc4 59.Be5 Bd8 60.Kc3 Ba6 61.Nb4 Ba5 62.Bc7 Bxc7 63.Nxa6 Ba5+
64.Kc4 Kg3 65.Kb5 Be1 66.Nb4 Kxg2 67.a5 Kxf3 68.a6 Bf2 69.Nd5 Ba7 70.Kc6 Kg3
71.Kb7 Bf2 72.Nb6  1-0

[Event "Gibraltar Masters 2019"]
[Site "Caleta ENG"]
[Date "2019.01.28"]
[Round "7.55"]
[White "Quillan,G"]
[Black "Gavrilescu,David"]
[Result "0-1"]
[WhiteElo "2364"]
[BlackElo "2479"]

1.e4 c6 2.d4 d5 3.exd5 cxd5 4.c4 Nf6 5.Nc3 Nc6 6.Nf3 Be6 7.cxd5 Bxd5 8.Be2 e6
9.O-O Be7 10.Nxd5 Nxd5 11.a3 O-O 12.Bd3 Bf6 13.Bc2 Qb6 14.Qd3 g6 15.Rd1 Rac8
16.Ba4 Rfd8 17.Qe4 Nxd4 18.Ne5 Nb3 19.Nd7 Rxd7 20.Bxd7 Rd8 21.Rb1 Rxd7 22.Bh6 Rd8
23.h3 Nd4 24.g4 Nc6 25.Rd2 Bg7 26.Bxg7 Kxg7 27.Rbd1 Qb3 28.Kg2 g5  0-1

[Event "Gibraltar Masters 2019"]
[Site "Caleta ENG"]
[Date "2019.01.28"]
[Round "7.56"]
[White "Taylor,Adam C"]
[Black "Pogonina,N"]
[Result "1/2-1/2"]
[WhiteElo "2356"]
[BlackElo "2465"]

1.e4 e5 2.Nf3 Nc6 3.Bc4 Bc5 4.Nc3 Nf6 5.d3 O-O 6.Bg5 h6 7.Bxf6 Qxf6 8.Nd5 Qd8
9.c3 a6 10.d4 exd4 11.cxd4 Ba7 12.O-O d6 13.h3 Ne7 14.Rc1 Ng6 15.Qd2 c6 16.Nf4 Qf6
17.Nh5 Qe7 18.Rfe1 Be6 19.d5 Bd7 20.dxc6 Bxc6 21.Bd5 Ne5 22.Nxe5 Qxe5 23.Nf4 Bxd5
24.Nxd5 Rac8 25.Rc3 Rxc3 26.Nxc3 Bd4 27.Rd1 Bxc3 28.Qxc3 Qxc3 29.bxc3 Rc8
30.Rxd6 Rxc3 31.Rd8+ Kh7 32.Rd7 b5 33.Rxf7 Ra3 34.f4 Rxa2 35.f5 Kg8 36.Rb7 Re2
37.Rb6 Rxe4 38.Rxa6 Rf4 39.g4 h5 40.Rg6 hxg4 41.hxg4 b4 42.Kh2 b3 43.Rb6 Rxg4
44.Rxb3 Rg5 45.Kh3 Kf7 46.Kh4 Rxf5 47.Kg4 Rc5  1/2-1/2

[Event "Gibraltar Masters 2019"]
[Site "Caleta ENG"]
[Date "2019.01.28"]
[Round "7.57"]
[White "Iniyan,P"]
[Black "Lane,G"]
[Result "1-0"]
[WhiteElo "2456"]
[BlackElo "2358"]

1.d4 d5 2.Nf3 Nf6 3.c4 c6 4.Nc3 dxc4 5.a4 e6 6.e3 c5 7.Bxc4 cxd4 8.exd4 Nc6
9.O-O Be7 10.Qe2 O-O 11.Rd1 Nb4 12.Bg5 h6 13.Bxf6 Bxf6 14.Ne5 b6 15.Ne4 Bh4
16.Ra3 Nd5 17.Qh5 Bb7 18.Rf3 Nf6 19.Nxf6+ Bxf6 20.Rg3 Bg5 21.h4 Bxh4 22.Rg4 Bf6
23.Rd3 Bd5 24.Qxh6 Re8 25.Rdg3 Kf8 26.Rxg7 Bxg7 27.Rxg7 Ke7 28.Qg5+  1-0

[Event "Gibraltar Masters 2019"]
[Site "Caleta ENG"]
[Date "2019.01.28"]
[Round "7.114"]
[White "Francois-Haugrin,Said"]
[Black "Dasaolu,R"]
[Result "1-0"]
[WhiteElo "1825"]
[BlackElo "2038"]

1.e4 d6 2.d4 g6 3.Be3 Bg7 4.Nc3 a6 5.a4 h6 6.Qd2 e6 7.h3 Ne7 8.f4 b6 9.Nf3 Bb7
10.Be2 Nd7 11.O-O d5 12.e5 c5 13.Nd1 cxd4 14.Nxd4 Qc7 15.Qb4 Rc8 16.a5 bxa5
17.Rxa5 Nc6 18.Nxc6 Qxc6 19.Kh1 Bf8 20.Qb3 Nc5 21.Bxc5 Bxc5 22.Rxc5 Qxc5
23.Qxb7 O-O 24.Bd3 a5 25.b3 Rc7 26.Qa6 Rb8 27.Qd6 Qxd6 28.exd6 Rd7 29.g4 Rxd6
30.Kg2 Rb4 31.Nb2 g5 32.fxg5 hxg5 33.Ra1 e5 34.Rxa5 e4 35.Be2 Rd4 36.Kf2 Kg7
37.Nd1  1-0

[Event "Gibraltar Masters 2019"]
[Site "Caleta ENG"]
[Date "2019.01.28"]
[Round "7.115"]
[White "Wilson,Matthew R"]
[Black "Cano Sevilla,Ivan"]
[Result "1-0"]
[WhiteElo "1822"]
[BlackElo "1950"]

1.e4 c5 2.Nf3 g6 3.d4 cxd4 4.Qxd4 Nf6 5.Nc3 Nc6 6.Qa4 d6 7.e5 dxe5 8.Nxe5 Qd4
9.Nxc6 Qxa4 10.Nxa4 bxc6 11.Bd3 e5 12.O-O Be6 13.Re1 Nd7 14.b3 h5 15.Bb2 Rg8
16.Rad1 Bg7 17.Be4 Rc8 18.Rd6 Bd5 19.c4 Bxe4 20.Rxe4 Ke7 21.Ba3 c5 22.Rd5 Rge8
23.Re1 Ke6 24.f4 f6 25.Nxc5+ Nxc5 26.Rxc5 Rxc5 27.Bxc5 a6 28.fxe5 fxe5 29.Kf2 Kf7
30.Ke2 Ke6 31.Rd1 Rc8 32.Rd6+ Kf5 33.Be3 Ra8 34.c5 a5 35.Rd1 Bf8 36.Rc1 Rc8
37.Kd3 Rd8+ 38.Kc4 Ke4 39.Re1 Kf5 40.Re2 Be7 41.Kb5 Rd5 42.Rd2 Bxc5 43.Rxd5 Bxe3
44.Kc4 Ke4 45.Rxa5 Bf4 46.b4 Bxh2 47.Rc5 Ke3 48.b5 Bf4 49.Kd5 Kd3 50.Rc4 Bg3
51.b6 g5 52.Re4  1-0

[Event "Gibraltar Masters 2019"]
[Site "Caleta ENG"]
[Date "2019.01.28"]
[Round "7.51"]
[White "Dhulipalla,Bala Chandra Prasad"]
[Black "Harsha,B"]
[Result "0-1"]
[WhiteElo "2341"]
[BlackElo "2481"]

1.d4 Nf6 2.c4 g6 3.g3 Bg7 4.Bg2 O-O 5.Nf3 d6 6.O-O c6 7.Nc3 Bf5 8.Ne1 Be6
9.b3 d5 10.cxd5 cxd5 11.Nd3 Nc6 12.e3 Bg4 13.Qd2 Bf5 14.Bb2 h5 15.Rfc1 h4
16.Nf4 e6 17.f3 g5 18.Nd3 g4 19.f4 Nh5 20.Ne2 h3 21.Bf1 Nf6 22.Nc3 Kh7 23.Ne5 Rc8
24.Be2 Nxe5 25.dxe5 Ne4 26.Nxe4 dxe4 27.Qxd8 Rfxd8 28.Bd4 a6 29.b4 Kg6 30.a4 f6
31.b5 fxe5 32.fxe5 axb5 33.axb5 Bh6 34.Rxc8 Rxc8 35.Ra7 Rc1+ 36.Bf1 Rc3 37.Kf2 Rc2+
38.Be2 Rc1 39.Bf1 Rc2+ 40.Be2 Rc1 41.Ra1 Rc2 42.Ke1 Bg5 43.Kd1 Rc8 44.b6 Be7
45.Ra7 Bh4 46.Ra1 Be7 47.Bf1 Kh6 48.Ra7 Rb8 49.Be2 Bh4 50.Bf1 Be7 51.Kc2 Bd8
52.Bc4 Kg6 53.Kb3 Kh6 54.Bc5 Bg5 55.Kb4 Kg6 56.Bb5 Kh6 57.Bf1 Bg6 58.Bc4 Bf5
59.Bb3 Kg6 60.Ba4 Kh6 61.Bd7 Kg6 62.Kc4 Kh6 63.Kb5 Kh5 64.Kc4 Kh6 65.Kd4 Bd8
66.Ra2 Kg6 67.Be8+ Kh6 68.Ba4 Ra8 69.Bb3 Rxa2 70.Bxa2 Bh4 71.Bc4 Bxg3 72.Ba6 Bxh2
73.Bxb7 Bg3 74.Bc6 h2 75.Bf8+ Kh7  0-1

[Event "Gibraltar Masters 2019"]
[Site "Caleta ENG"]
[Date "2019.01.28"]
[Round "7.52"]
[White "Vocaturo,D"]
[Black "Guichard,P"]
[Result "1-0"]
[WhiteElo "2626"]
[BlackElo "2378"]

1.e4 e5 2.Nf3 Nc6 3.Bc4 Nf6 4.d4 exd4 5.e5 d5 6.Bb5 Ne4 7.Nxd4 Bc5 8.Be3 O-O
9.Nxc6 bxc6 10.Bxc5 Nxc5 11.Bxc6 Rb8 12.Qxd5 Qe7 13.O-O Rxb2 14.Nc3 Rxc2
15.Qd4 Be6 16.Nd5 Bxd5 17.Bxd5 Ne6 18.Qxa7 Qg5 19.Rae1 Nf4 20.Qe3 c6 21.Be4 Rxa2
22.h4 Qxh4 23.g3 Nh3+ 24.Kg2 Qg4 25.Bf3 Qe6 26.g4 Rfa8 27.Kxh3 R2a3 28.Qf4 h5
29.Kg2 R8a4 30.Re4 hxg4 31.Qxg4  1-0

[Event "Gibraltar Masters 2019"]
[Site "Caleta ENG"]
[Date "2019.01.28"]
[Round "7.112"]
[White "Vilarnovo Caamano,J"]
[Black "Suez Panama,G"]
[Result "0-1"]
[WhiteElo "1945"]
[BlackElo "2078"]

1.d4 Nf6 2.c4 g6 3.Nc3 Bg7 4.e4 d6 5.Nge2 O-O 6.Ng3 Nc6 7.Be2 e5 8.d5 Nd4
9.Be3 c5 10.dxc6 bxc6 11.Bxd4 exd4 12.Qxd4 Nd5 13.Qd2 Nxc3 14.bxc3 Qa5 15.Rc1 Qa3
16.O-O Rb8 17.Rc2 Be6 18.Bd3 Rb6 19.f4 Bxc4 20.Bxc4 Qc5+ 21.Kh1 Qxc4 22.Qxd6 Rfb8
23.h4 Rb1 24.Rd1 h5 25.Kh2 Bf8 26.Qd3 Qe6 27.Rxb1 Rxb1 28.Ne2 Qf6 29.g3 c5
30.Rd2 Qb6 31.Qd8 Qxd8 32.Rxd8 Rb2  0-1

[Event "Gibraltar Masters 2019"]
[Site "Caleta ENG"]
[Date "2019.01.28"]
[Round "7.111"]
[White "Verneuil,P"]
[Black "Hewson,Brian W R"]
[Result "1-0"]
[WhiteElo "2114"]
[BlackElo "2006"]

1.e4 c6 2.d4 d5 3.e5 Bf5 4.Bd3 Bxd3 5.Qxd3 e6 6.Ne2 Nd7 7.O-O c5 8.Qg3 Ne7
9.Bg5 Nf5 10.Bxd8 Nxg3 11.hxg3 Rxd8 12.c3 Be7 13.Nd2 cxd4 14.cxd4 Rc8 15.Rac1 O-O
16.f4 Nb6 17.Kf2 Bb4 18.Nc3 Bxc3 19.bxc3 Nc4 20.Ke2 b6 21.g4 Nxd2 22.Kxd2 Rc4
23.f5 Rfc8 24.Rf3 Ra4 25.Rc2 Ra3 26.Kc1 b5 27.Kb2 Ra4 28.fxe6 fxe6 29.Rcf2 Rac4
30.Rf7 R4c7 31.Rxc7 Rxc7 32.Kb3 Rc4 33.a3 a5 34.Rb2 Kf7 35.Kc2 Ra4 36.Rb3 Ke7
37.Kb2 b4 38.cxb4 axb4 39.Rxb4 Ra7 40.Kb3 h6 41.Rb6 Rc7 42.a4 Rc1 43.a5 Ra1
44.Kb4 Rb1+ 45.Kc5 Rc1+ 46.Kb5 Rb1+ 47.Kc6 Rc1+ 48.Kb7 Kd7 49.Rd6+ Ke7 50.a6  1-0

[Event "Gibraltar Masters 2019"]
[Site "Caleta ENG"]
[Date "2019.01.28"]
[Round "7.109"]
[White "Gravett,A"]
[Black "Hng,Mei-En Emmanuelle"]
[Result "0-1"]
[WhiteElo "1840"]
[BlackElo "2071"]

1.g3 c5 2.c4 Nc6 3.Nc3 Nf6 4.Bg2 g6 5.Nf3 Bg7 6.O-O O-O 7.d3 d6 8.Rb1 Bd7
9.a3 a5 10.b3 Ng4 11.Bb2 Rb8 12.h3 Nge5 13.Nxe5 Nxe5 14.Kh2 Bc6 15.e4 Bd7
16.Ne2 b5 17.f4 Nc6 18.Bxg7 Kxg7 19.cxb5 Rxb5 20.d4 cxd4 21.Nxd4 Nxd4 22.Qxd4+ Kg8
23.Rfd1 Qb8 24.e5 Bf5 25.exd6 exd6 26.Rb2 Rxb3 27.Rxb3 Qxb3 28.Qxd6 Rc8 29.Rd2 Qc3
30.Bb7 Rc7 31.Qd8+ Kg7 32.Ba6 h5 33.h4 Rc6 34.Bb5 Rf6 35.a4 Be4 36.Qd4 Qf3
37.Qg1 Re6 38.Rd7 Ba8 39.Qd4+ Rf6 40.Qg1 Qe4 41.Rd2 Rxf4  0-1

[Event "Gibraltar Masters 2019"]
[Site "Caleta ENG"]
[Date "2019.01.28"]
[Round "7.46"]
[White "Dragnev,Valentin"]
[Black "Lombaers,P"]
[Result "1-0"]
[WhiteElo "2511"]
[BlackElo "2372"]

1.e4 c5 2.Nf3 e6 3.d4 cxd4 4.Nxd4 Nc6 5.Nc3 Qc7 6.Be3 a6 7.a3 b5 8.Nxc6 Qxc6
9.Be2 Bb7 10.O-O Ne7 11.Qd2 Ng6 12.Rad1 Be7 13.f4 Rc8 14.Bd4 Bc5 15.Kh1 Bxd4
16.Qxd4 f6 17.Bh5 Ke7 18.Qd3 Nf8 19.f5 Qc5 20.e5 Qxe5 21.Rfe1 Qc7 22.fxe6 dxe6
23.Bf3 Kf7 24.Bxb7 Qxb7 25.Ne4 Rc6 26.Nd6+ Rxd6 27.Qxd6 h5 28.Rd3 Rh6 29.Rc3 Kg8
30.Rc7 Qa8 31.Qc6  1-0

[Event "Gibraltar Masters 2019"]
[Site "Caleta ENG"]
[Date "2019.01.28"]
[Round "7.45"]
[White "Kozak,Adam"]
[Black "Demuth,A"]
[Result "1/2-1/2"]
[WhiteElo "2425"]
[BlackElo "2517"]

1.Nf3 d6 2.d4 Nf6 3.c4 g6 4.Nc3 Bf5 5.e3 Bg7 6.Be2 O-O 7.O-O Ne4 8.Nxe4 Bxe4
9.Qb3 a5 10.Rd1 Na6 11.Bd2 c5 12.Bc3 Qc7 13.Rd2 Nb4 14.d5 f6 15.Qd1 Bf5 16.a3 Na6
17.h3 Nb8 18.a4 Qc8 19.Nh2 b6 20.b3 Na6 21.Qc1 Nb4 22.Qb2 Rf7 23.Rad1 Qf8
24.Nf1 Bd7 25.e4 Bh6 26.Ng3 Bf4 27.Bf3 Bxd2 28.Qxd2 Na6 29.Bg4 Qc8 30.Qe2 Nc7
31.Rd3 Ne8 32.f4 Ng7 33.Bf3 Ra7 34.Qd2 Qf8 35.Ne2 Bc8 36.g4 Ne8 37.f5  1/2-1/2